| 000 | nam a22 a 4500 | ||
|---|---|---|---|
| 999 |
_c681 _d681 |
||
| 005 | 20170504151640.0 | ||
| 008 | 170504b1993 xxu||||| |||| 00| 0 eng d | ||
| 020 | _a1560522429 | ||
| 040 | _aAKMAL | ||
| 082 |
_220 _a158.1 TIM |
||
| 090 |
_a158.1 _bTIM |
||
| 100 |
_aTimm, Paul R. _91456 |
||
| 245 |
_aSuccessful self-management _ba psychologically sound approach to personal effectiveness / _cby Paul R. Timm. |
||
| 250 | _aRev. ed. | ||
| 260 |
_aMenlo Park, Calif. _bCrisp Publications _cc1993. |
||
| 300 |
_av, 68 p. _bill. _c26cm |
||
| 599 | _aDALAM PROSES | ||
| 650 |
_aSuccess. _92 |
||
| 650 |
_aSelf-management (Psychology) _91324 |
||
| 650 |
_aSuccess _xProblems, exercises, etc. _91457 |
||
| 650 |
_aSelf-management (Psychology) _xProblems, exercises, etc. _91458 |
||
| 650 |
_aPlanning. _91459 |
||
| 942 |
_2ddc _cBOOK |
||